KOHA-Header-6

Total Quality Management (Record no. 6529)

000 -LEADER
fixed length control field 00249nam a2200109Ia 4500
020 ## - INTERNATIONAL STANDARD BOOK NUMBER
ISBN 9788129702609
100 ## - MAIN ENTRY--AUTHOR NAME
Personal name Dale H.Besterfield
245 #0 - TITLE STATEMENT
Title Total Quality Management
260 ## - PUBLICATION, DISTRIBUTION, ETC. (IMPRINT)
Place of publication India
Name of publisher Dorling Kindersley
Year of publication 2003
300 ## - PHYSICAL DESCRIPTION
Number of Pages 558
942 ## - ADDED ENTRY ELEMENTS (KOHA)
Koha item type Books
Holdings
Withdrawn status Lost status Collection code Permanent Location Current Location Shelving location Date acquired Full call number Accession Number Koha item type
    Management MAJU MAJU   2019-09-07 658.8 4400 Management

Powered by Koha